| 000 | 00492nam a22001697a 4500 | ||
|---|---|---|---|
| 005 | 20231023135039.0 | ||
| 008 | 231023b |||||||| |||| 00| 0 eng d | ||
| 020 | _a0702128333 | ||
| 041 | _aEnglish | ||
| 082 | _a158 DIS | ||
| 245 |
_aDispute Resolution / _cedited by Paul Pretorius |
||
| 250 | _aFirst Edition | ||
| 260 |
_aDurban : _bKohler Carton and Print, _c1993 |
||
| 300 |
_bxvii, 229 pages ; _c25 cm. |
||
| 650 |
_alegal practice _bLaw |
||
| 942 |
_cBK _6ALISON_B_N__VRIES |
||
| 999 |
_c11 _d11 |
||